| 000 | 01035nam a2200325 a 4500 | ||
|---|---|---|---|
| 005 | 20200104041516.0 | ||
| 008 | 140224b1996 ck ||||| |||| 00| 0 spa d | ||
| 040 |
_aCO-BoIAVH _cCO-BoIAVH |
||
| 041 | _aspa | ||
| 044 | _ack | ||
| 090 |
_aLB _b00937 |
||
| 100 |
_aCasana, Germán _910061 |
||
| 245 |
_aLo que queremos y pensamos hacer de nuestro territorio _borganización regional Embera |
||
| 260 |
_aQuibdó _bProyecto Biopacífico _c1996 |
||
| 300 | _a500 p. | ||
| 650 |
_aComunidad Embera _910062 |
||
| 650 |
_aConservación de biodiversidad _9345 |
||
| 650 |
_aComunidad Wounaan _99992 |
||
| 650 |
_aConservación de ecosistemas _944552 |
||
| 650 |
_aComunidad Orewa _910063 |
||
| 650 |
_aConocimiento tradicional _944553 |
||
| 650 |
_aAgricultura _9304 |
||
| 650 |
_aSilvicultura _944555 |
||
| 650 |
_aImpacto ambiental _944556 |
||
| 650 |
_aImpacto sociocultural _93620 |
||
| 650 |
_aImpacto socioeconómico _95365 |
||
| 650 |
_aGestión ambiental _992206 |
||
| 650 |
_aPolítica ambiental _944558 |
||
| 942 |
_cINFORME _2z |
||
| 999 |
_c949 _d949 |
||